000 00372nam a22001457a 4500
008 221111b ||||| |||| 00| 0 eng d
020 _a1561592684
041 _aeng
080 _2volume 1 volume 2 volume 3 volume 4
_a521
082 _a521 MUR
100 _a19.1
101 _aASTRO
245 _aENCYCLOPEDIA OF ASTRONOMY AND ASTROPHYSICS
_cMURDIN P
942 _2udc
_cBK
999 _c58855
_d58855